[Event "Muensterland Verbandsliga 2526"]
[Site "Germany"]
[Date "2025.10.04"]
[Round "2"]
[Board "1"]
[White "Vocke, Stefan"]
[Black "Hartmann, Steffen"]
[Result "1-0"]
[WhiteElo "1916"]
[BlackElo "1893"]
[WhiteFideId "-1"]
[BlackFideId "-1"]
[PlyCount "105"]
[GameId "2236881171038240"]
[EventDate "2025.??.??"]
[EventType "team-tourn"]
[EventRounds "9"]
[EventCountry "GER"]
[SourceTitle "Verband Muensterland"]
[SourceDate "2025.11.13"]
[SourceVersion "1"]
[SourceVersionDate "2025.11.13"]
[SourceQuality "1"]
[WhiteTeam "Ochtrup"]
[BlackTeam "Muenster SK IV"]
[WhiteTeamCountry "GER"]
[BlackTeamCountry "GER"]

1. d4 Nf6 2. c4 e6 3. Nf3 Bb4+ 4. Nbd2 O-O 5. a3 Be7 6. e3 a5 7. b3 d5 8. Bd3 Nbd7 9. Bb2 Re8 10. O-O c6 11. Ne5 Nxe5 12. dxe5 Nd7 13. f4 Nf8 14. Qc2 Bd7 15. Kh1 f5 16. exf6 Bxf6 17. e4 Bxb2 18. Qxb2 Qb6 19. Rf3 Re7 20. Re1 Rf7 21. e5 Re8 22. Qc2 Qc5 23. Qb2 Rfe7 24. b4 Qb6 25. c5 Qc7 26. Qc3 axb4 27. Qxb4 Ra8 28. Nb3 Ree8 29. a4 Reb8 30. a5 Bc8 31. Qd2 Qe7 32. Qc2 Bd7 33. g4 Re8 34. f5 Qh4 35. Rg3 Qg5 36. Qf2 Re7 37. Rg2 Rf7 38. h4 Qe7 39. Rgg1 Kh8 40. Rgf1 Qd8 41. Kh2 Qc8 42. Re3 h5 43. f6 gxf6 44. Qf4 f5 45. gxf5 exf5 46. Qh6+ Rh7 47. Qf6+ Rg7 48. Rg1 Ne6 49. Rxg7 Nxg7 50. Qh6+ Kg8 51. Rg3 Qf8 52. e6 Be8 53. Bxf5 1-0

[Event "Muensterland Verbandsliga 2526"]
[Site "Germany"]
[Date "2025.10.04"]
[Round "2"]
[Board "2"]
[White "Leder, Nils"]
[Black "Moor, Daniel"]
[Result "1-0"]
[WhiteElo "1886"]
[BlackElo "1862"]
[WhiteFideId "-1"]
[BlackFideId "-1"]
[PlyCount "51"]
[GameId "2236881248374825"]
[EventDate "2025.??.??"]
[EventType "team-tourn"]
[EventRounds "9"]
[EventCountry "GER"]
[SourceTitle "Verband Muensterland"]
[SourceDate "2025.11.13"]
[SourceVersion "1"]
[SourceVersionDate "2025.11.13"]
[SourceQuality "1"]
[WhiteTeam "Muenster SK IV"]
[BlackTeam "Ochtrup"]
[WhiteTeamCountry "GER"]
[BlackTeamCountry "GER"]

1. Nf3 Nf6 2. c4 c5 3. Nc3 Nc6 4. d4 cxd4 5. Nxd4 g6 6. Bg5 Bg7 7. Nc2 O-O 8. Qd2 Re8 9. e4 d6 10. Be2 Be6 11. O-O Ne5 12. Ne3 Rc8 13. b3 Qa5 14. f4 Neg4 15. Rad1 Nxe3 16. Qxe3 Ng4 17. Bxg4 Bxg4 18. Rd3 Bxc3 19. Rxc3 Bd7 20. Rd3 Qxa2 21. Qd4 a6 22. Bh6 f6 23. e5 Bf5 24. Qd5+ Kh8 25. Qf7 Rg8 26. exf6 1-0

[Event "Muensterland Verbandsliga 2526"]
[Site "Germany"]
[Date "2025.10.04"]
[Round "2"]
[Board "3"]
[White "Jacob, Helmut"]
[Black "Voß, Norbert"]
[Result "1-0"]
[WhiteElo "1920"]
[BlackElo "1881"]
[WhiteFideId "-1"]
[BlackFideId "-1"]
[PlyCount "49"]
[GameId "2236881332477997"]
[EventDate "2025.??.??"]
[EventType "team-tourn"]
[EventRounds "9"]
[EventCountry "GER"]
[SourceTitle "Verband Muensterland"]
[SourceDate "2025.11.13"]
[SourceVersion "1"]
[SourceVersionDate "2025.11.13"]
[SourceQuality "1"]
[WhiteTeam "Ochtrup"]
[BlackTeam "Muenster SK IV"]
[WhiteTeamCountry "GER"]
[BlackTeamCountry "GER"]

1. e4 d6 2. d4 Nf6 3. Nc3 c6 4. Be3 Qa5 5. Qd2 e5 6. f3 Be7 7. Nge2 O-O 8. g4 Be6 9. Bg2 Nbd7 10. O-O Qc7 11. d5 cxd5 12. exd5 Bxg4 13. fxg4 Nxg4 14. Ng3 Nxe3 15. Qxe3 g6 16. Kh1 f5 17. Qd2 Rf6 18. a4 a6 19. Nce2 Rc8 20. c4 Nc5 21. Ra3 a5 22. Nc1 Rf7 23. Nb3 b6 24. Nxc5 dxc5 25. d6 1-0

[Event "Muensterland Verbandsliga 2526"]
[Site "Germany"]
[Date "2025.10.04"]
[Round "2"]
[Board "4"]
[White "Vogenauer, Nikolas"]
[Black "Schwietering, Ralf"]
[Result "1-0"]
[WhiteElo "1868"]
[BlackElo "1774"]
[WhiteFideId "-1"]
[BlackFideId "-1"]
[PlyCount "87"]
[GameId "2236881399160885"]
[EventDate "2025.??.??"]
[EventType "team-tourn"]
[EventRounds "9"]
[EventCountry "GER"]
[SourceTitle "Verband Muensterland"]
[SourceDate "2025.11.13"]
[SourceVersion "1"]
[SourceVersionDate "2025.11.13"]
[SourceQuality "1"]
[WhiteTeam "Muenster SK IV"]
[BlackTeam "Ochtrup"]
[WhiteTeamCountry "GER"]
[BlackTeamCountry "GER"]

1. d4 Nf6 2. c4 e5 3. dxe5 Ng4 4. e3 Nxe5 5. Nh3 Bb4+ 6. Bd2 Bxd2+ 7. Qxd2 d6 8. Nf4 Bf5 9. Be2 Nbc6 10. Nc3 O-O 11. O-O Qg5 12. Rad1 h5 13. b3 h4 14. h3 Ng6 15. Ncd5 Rac8 16. Kh1 Rfe8 17. Bd3 Nce5 18. Bxf5 Qxf5 19. Ne2 Nc6 20. Qc3 Nge5 21. Nd4 Qd7 22. Qc2 Ng6 23. b4 Nxd4 24. Rxd4 Qe6 25. Rfd1 a6 26. a3 Qe5 27. Nc3 Qf6 28. Kg1 Ne5 29. Nd5 Qg5 30. Kh1 Qh6 31. c5 dxc5 32. Qxc5 Nc6 33. R4d2 Qe6 34. a4 Ne7 35. Nf4 Qf5 36. Qc3 Nc6 37. Rd5 Qe4 38. b5 axb5 39. axb5 Qb4 40. Qc2 Ne7 41. Rh5 g6 42. Rxh4 Qxb5 43. Qc3 Kf8 44. Ne6+ 1-0

[Event "Muensterland Verbandsliga 2526"]
[Site "Germany"]
[Date "2025.10.04"]
[Round "2"]
[Board "5"]
[White "Schmerling, Janek"]
[Black "Schulz, Stefan"]
[Result "1/2-1/2"]
[WhiteElo "1732"]
[BlackElo "1859"]
[WhiteFideId "-1"]
[BlackFideId "-1"]
[PlyCount "88"]
[GameId "2236881464090685"]
[EventDate "2025.??.??"]
[EventType "team-tourn"]
[EventRounds "9"]
[EventCountry "GER"]
[SourceTitle "Verband Muensterland"]
[SourceDate "2025.11.13"]
[SourceVersion "1"]
[SourceVersionDate "2025.11.13"]
[SourceQuality "1"]
[WhiteTeam "Ochtrup"]
[BlackTeam "Muenster SK IV"]
[WhiteTeamCountry "GER"]
[BlackTeamCountry "GER"]

1. e4 d5 2. exd5 Qxd5 3. Nc3 Qa5 4. d4 c6 5. Nf3 Nf6 6. h3 Bf5 7. Bd2 e6 8. Bc4 Qc7 9. Nh4 Bg6 10. Nxg6 hxg6 11. O-O Nbd7 12. a3 Bd6 13. b4 Nb6 14. Bb3 Nbd5 15. Nxd5 cxd5 16. Rc1 Ne4 17. c4 Nxd2 18. cxd5 Qxc1 19. Qxc1 Nxf1 20. dxe6 Nh2 21. exf7+ Kf8 22. Qe3 b5 23. f4 g5 24. fxg5 Rh4 25. g3 Rxh3 26. Qe6 Rxg3+ 27. Kxh2 Rd8 28. Kh1 Rxg5 29. Bd5 Bxb4 30. Bc6 Be7 31. d5 Rd6 32. Qc8+ Bd8 33. Bd7 Rh6+ 34. Bh3 Rxd5 35. Kg2 Rhd6 36. Be6 Re5 37. Bd7 Rg6+ 38. Kf3 Rf6+ 39. Kg4 Re4+ 40. Kg5 Re5+ 41. Kg4 Ke7 42. Be8 Re4+ 43. Kg5 Re5+ 44. Kg4 Re4+ 1/2-1/2

[Event "Muensterland Verbandsliga 2526"]
[Site "Germany"]
[Date "2025.10.04"]
[Round "2"]
[Board "6"]
[White "Voß, Andreas"]
[Black "Holtmannspoetter, Thomas"]
[Result "0-1"]
[WhiteElo "1828"]
[BlackElo "1738"]
[WhiteFideId "-1"]
[BlackFideId "-1"]
[PlyCount "82"]
[GameId "2236881520410693"]
[EventDate "2025.??.??"]
[EventType "team-tourn"]
[EventRounds "9"]
[EventCountry "GER"]
[SourceTitle "Verband Muensterland"]
[SourceDate "2025.11.13"]
[SourceVersion "1"]
[SourceVersionDate "2025.11.13"]
[SourceQuality "1"]
[WhiteTeam "Muenster SK IV"]
[BlackTeam "Ochtrup"]
[WhiteTeamCountry "GER"]
[BlackTeamCountry "GER"]

1. d4 Nf6 2. Bg5 d5 3. Bxf6 exf6 4. e3 Bd6 5. g3 O-O 6. Bg2 c6 7. Ne2 Re8 8. O-O f5 9. Nd2 Nd7 10. c4 dxc4 11. Nxc4 Bf8 12. Rb1 Nf6 13. Qc2 Nd5 14. a3 g6 15. b4 Be6 16. Ne5 Bg7 17. Nd3 Qe7 18. Rfc1 Rad8 19. Nc5 Bc8 20. Qb3 b6 21. Nd3 Bb7 22. Rc2 g5 23. Rbc1 Nxe3 24. Bxc6 Nxc2 25. Bxe8 Qxe2 26. Bxf7+ Kf8 27. Qxc2 Qf3 28. d5 Rc8 29. Nc5 bxc5 30. Be6 Rc7 31. Rd1 cxb4 32. Qxc7 Qxd1+ 33. Kg2 Bxd5+ 34. Bxd5 Qxd5+ 35. Kf1 Qh1+ 36. Ke2 Qe4+ 37. Kf1 Qd3+ 38. Kg2 Qe4+ 39. Kf1 bxa3 40. Qb8+ Kf7 41. Qxa7+ Qe7 0-1

[Event "Muensterland Verbandsliga 2526"]
[Site "Germany"]
[Date "2025.10.04"]
[Round "2"]
[Board "7"]
[White "Kaiser, Guenter1"]
[Black "Sokolowski, Cyril"]
[Result "1/2-1/2"]
[WhiteElo "1584"]
[BlackElo "1809"]
[WhiteFideId "-1"]
[BlackFideId "-1"]
[PlyCount "50"]
[GameId "2236881600032845"]
[EventDate "2025.??.??"]
[EventType "team-tourn"]
[EventRounds "9"]
[EventCountry "GER"]
[SourceTitle "Verband Muensterland"]
[SourceDate "2025.11.13"]
[SourceVersion "1"]
[SourceVersionDate "2025.11.13"]
[SourceQuality "1"]
[WhiteTeam "Ochtrup"]
[BlackTeam "Muenster SK IV"]
[WhiteTeamCountry "GER"]
[BlackTeamCountry "GER"]

1. e4 d5 2. exd5 Qxd5 3. d4 Nc6 4. c3 e5 5. dxe5 Qxd1+ 6. Kxd1 Nxe5 7. Bf4 Bd6 8. Be2 Bf5 9. Bxe5 Bxe5 10. Nf3 O-O-O+ 11. Ke1 Bf6 12. Nbd2 Ne7 13. Nb3 Nd5 14. Nfd4 Bg6 15. g3 Be4 16. f3 Bg6 17. Kf2 h5 18. h4 Be7 19. Nd2 Rhe8 20. Rhe1 Bc5 21. Bf1 Bxd4+ 22. cxd4 c6 23. Ne4 Kc7 24. a3 Nb6 25. Rad1 Rd5 1/2-1/2

[Event "Muensterland Verbandsliga 2526"]
[Site "Germany"]
[Date "2025.10.04"]
[Round "2"]
[Board "8"]
[White "Baumann, Eva"]
[Black "Kastner, Lennart"]
[Result "0-1"]
[WhiteElo "1709"]
[BlackElo "1388"]
[WhiteFideId "-1"]
[BlackFideId "-1"]
[PlyCount "104"]
[GameId "2236881660854357"]
[EventDate "2025.??.??"]
[EventType "team-tourn"]
[EventRounds "9"]
[EventCountry "GER"]
[SourceTitle "Verband Muensterland"]
[SourceDate "2025.11.13"]
[SourceVersion "1"]
[SourceVersionDate "2025.11.13"]
[SourceQuality "1"]
[WhiteTeam "Muenster SK IV"]
[BlackTeam "Ochtrup"]
[WhiteTeamCountry "GER"]
[BlackTeamCountry "GER"]

1. e4 c6 2. d4 d5 3. exd5 cxd5 4. c4 Nf6 5. Nc3 dxc4 6. Bxc4 Bf5 7. Be3 e6 8. h3 Be7 9. Nf3 O-O 10. O-O Nbd7 11. Nh4 Be4 12. Nxe4 Nxe4 13. Nf3 Nb6 14. Bb3 Rc8 15. Qd3 Nf6 16. Rac1 Qd7 17. Ne5 Qd6 18. Bc2 g6 19. Rfd1 Nfd5 20. Bb3 Bf6 21. Ng4 Bg7 22. Bh6 Rfd8 23. Bxg7 Kxg7 24. Ne5 Nb4 25. Qf3 Qe7 26. Rxc8 Rxc8 27. Ng4 a5 28. a3 N4d5 29. Qd3 a4 30. Bxd5 Nxd5 31. Qb5 Rc2 32. Ne5 Qc7 33. Nd3 Qc6 34. Qxc6 bxc6 35. g3 Kf6 36. Re1 Rd2 37. Ne5 Rxb2 38. Nxc6 Ra2 39. Nb4 Rxa3 40. Nc6 Ra2 41. Kf1 a3 42. Na5 Rc2 43. Nb3 a2 44. Re2 Nb4 45. Na1 Rc1+ 46. Re1 Rb1 47. Ke2 Rb2+ 48. Kf3 Nd3 49. Rf1 Rb1 50. Ke2 Nc1+ 51. Kd2 Rxa1 52. Rxc1 Rxc1 0-1

[Event "Muensterland Verbandsliga 2526"]
[Site "Germany"]
[Date "2025.10.18"]
[Round "2"]
[Board "1"]
[White "Althoff, Franz"]
[Black "Brands, Julian"]
[Result "1-0"]
[WhiteElo "1967"]
[BlackElo "1832"]
[WhiteFideId "-1"]
[BlackFideId "-1"]
[PlyCount "95"]
[GameId "2234565063344329"]
[EventDate "2025.??.??"]
[EventType "team-tourn"]
[EventRounds "9"]
[EventCountry "GER"]
[SourceTitle "Verband Muensterland"]
[SourceDate "2025.11.13"]
[SourceVersion "1"]
[SourceVersionDate "2025.11.13"]
[SourceQuality "1"]
[WhiteTeam "Nienberge II"]
[BlackTeam "Gescher"]
[WhiteTeamCountry "GER"]
[BlackTeamCountry "GER"]

1. Nf3 Nf6 2. c4 e6 3. Nc3 c5 4. e3 Nc6 5. d4 cxd4 6. exd4 d5 7. Bd3 Be7 8. O-O O-O 9. a3 b6 10. cxd5 Nxd5 11. Qc2 Nf6 12. Ne4 Nxd4 13. Nxd4 Qxd4 14. Be3 Qe5 15. Nxf6+ Bxf6 16. Bxh7+ Kh8 17. Be4 Ba6 18. Bxa8 Bxf1 19. Be4 Ba6 20. Rb1 Rc8 21. f4 Qh5 22. Qf2 Rd8 23. Qe1 Bd3 24. Bf3 Qb5 25. Rd1 Qxb2 26. Bc1 Qb5 27. h3 Bc4 28. Rxd8+ Bxd8 29. Kh2 Bd5 30. Qd1 Bc7 31. Be2 Qc5 32. Bd3 Bc6 33. Qe1 Qh5 34. Qc3 Qd5 35. Qc2 e5 36. Bc4 Qc5 37. Qe2 exf4 38. Kh1 f3 39. gxf3 Qf5 40. Kg2 Qg6+ 41. Kf1 Qg3 42. Bxf7 Qxh3+ 43. Kf2 Bg3+ 44. Kg1 Bb5 45. Qg2 Qh4 46. f4 Qg4 47. Qa8+ Kh7 48. Qg8+ 1-0

[Event "Muensterland Verbandsliga 2526"]
[Site "Germany"]
[Date "2025.10.18"]
[Round "2"]
[Board "2"]
[White "Iking, Bernhard"]
[Black "Garrell, Damian"]
[Result "0-1"]
[WhiteElo "1828"]
[BlackElo "1792"]
[WhiteFideId "-1"]
[BlackFideId "-1"]
[PlyCount "100"]
[GameId "2234559421989044"]
[EventDate "2025.??.??"]
[EventType "team-tourn"]
[EventRounds "9"]
[EventCountry "GER"]
[SourceTitle "Verband Muensterland"]
[SourceDate "2025.11.13"]
[SourceVersion "1"]
[SourceVersionDate "2025.11.13"]
[SourceQuality "1"]
[WhiteTeam "Gescher"]
[BlackTeam "Nienberge II"]
[WhiteTeamCountry "GER"]
[BlackTeamCountry "GER"]

1. e4 c5 2. Nf3 e6 3. d4 cxd4 4. Nxd4 Nc6 5. a3 Qc7 6. Nc3 a6 7. Be3 Nf6 8. f4 Nxd4 9. Qxd4 b5 10. Be2 Bb7 11. O-O h5 12. h3 d5 13. e5 Nd7 14. b4 Rc8 15. Na2 Be7 16. Rfb1 Bd8 17. Rb3 Qxc2 18. Bd1 Qc4 19. Qd2 Qc7 20. Rc1 Qb8 21. Rxc8 Bxc8 22. Rc3 Nb6 23. Bc5 Nc4 24. Qf2 Bb7 25. Qd4 Be7 26. Nc1 Qc7 27. Nd3 Bxc5 28. Nxc5 g6 29. a4 Bc8 30. a5 Qe7 31. Rg3 Qh4 32. Kh2 O-O 33. Rg5 Qe1 34. Bxh5 Kh7 35. Qd3 Rg8 36. Qg3 Qxg3+ 37. Kxg3 gxh5 38. Rxg8 Kxg8 39. Kh4 Ne3 40. g3 Nf1 41. g4 hxg4 42. hxg4 Kg7 43. g5 Ne3 44. Kg3 Nc2 45. Nd3 Kg6 46. Kf2 Kf5 47. Ke2 Ke4 48. Kd2 Ne3 49. Kc3 d4+ 50. Kd2 Nd5 0-1

[Event "Muensterland Verbandsliga 2526"]
[Site "Germany"]
[Date "2025.10.18"]
[Round "2"]
[Board "3"]
[White "Ringwelski, Marius"]
[Black "Lanfer, Stefanie"]
[Result "1-0"]
[WhiteElo "1982"]
[BlackElo "1806"]
[WhiteFideId "-1"]
[BlackFideId "-1"]
[PlyCount "68"]
[GameId "2234561851523262"]
[EventDate "2025.??.??"]
[EventType "team-tourn"]
[EventRounds "9"]
[EventCountry "GER"]
[SourceTitle "Verband Muensterland"]
[SourceDate "2025.11.13"]
[SourceVersion "1"]
[SourceVersionDate "2025.11.13"]
[SourceQuality "1"]
[WhiteTeam "Nienberge II"]
[BlackTeam "Gescher"]
[WhiteTeamCountry "GER"]
[BlackTeamCountry "GER"]

1. e4 c6 2. d4 d5 3. Nd2 dxe4 4. Nxe4 Nf6 5. Nxf6+ gxf6 6. c3 Bf5 7. Bc4 e6 8. Bf4 Nd7 9. Ne2 Nb6 10. Bb3 Rg8 11. Ng3 Nd5 12. Bd2 Ne7 13. Nxf5 Nxf5 14. g3 Qd7 15. Qf3 Bg7 16. Bc2 Nd6 17. Bxh7 Rh8 18. Bd3 O-O-O 19. O-O-O e5 20. Be3 Kb8 21. h4 Rde8 22. dxe5 fxe5 23. g4 Qe6 24. Bb1 Nc4 25. Bf5 Qf6 26. g5 Qe7 27. Rd7 Qf8 28. h5 e4 29. Bxe4 Ne5 30. Bf4 Kc8 31. Bxe5 Kxd7 32. Rd1+ Kc8 33. Bf5+ Re6 34. Bxe6+ fxe6 1-0

[Event "Muensterland Verbandsliga 2526"]
[Site "Germany"]
[Date "2025.10.18"]
[Round "2"]
[Board "4"]
[White "Hoeing, Ludger"]
[Black "Van de Vyle, Jan"]
[Result "1-0"]
[WhiteElo "1800"]
[BlackElo "1792"]
[WhiteFideId "-1"]
[BlackFideId "-1"]
[PlyCount "65"]
[GameId "2234563588309186"]
[EventDate "2025.??.??"]
[EventType "team-tourn"]
[EventRounds "9"]
[EventCountry "GER"]
[SourceTitle "Verband Muensterland"]
[SourceDate "2025.11.13"]
[SourceVersion "1"]
[SourceVersionDate "2025.11.13"]
[SourceQuality "1"]
[WhiteTeam "Gescher"]
[BlackTeam "Nienberge II"]
[WhiteTeamCountry "GER"]
[BlackTeamCountry "GER"]

1. d4 c5 2. e3 e6 3. Nf3 Nf6 4. Nbd2 d5 5. b3 cxd4 6. exd4 Bb4 7. Bb2 O-O 8. a3 Bd6 9. Bd3 Nc6 10. O-O Bd7 11. Ne5 Ne7 12. f4 g6 13. g4 Kg7 14. Qf3 Nfg8 15. f5 f6 16. Nxd7 Qxd7 17. fxe6 Qxe6 18. Rae1 Qd7 19. c4 Rad8 20. h4 Nh6 21. Be2 Rde8 22. cxd5 Nxd5 23. Ne4 Rxe4 24. Qxe4 Re8 25. Bb5 Rxe4 26. Bxd7 Rxe1 27. Rxe1 Bg3 28. Rc1 Ng8 29. Be6 Ne3 30. Rc3 Bf4 31. Bc1 Nd1 32. Rc8 Ne7 33. Bxf4 1-0

[Event "Muensterland Verbandsliga 2526"]
[Site "Germany"]
[Date "2025.10.18"]
[Round "2"]
[Board "5"]
[White "Van Ackeren, Franz"]
[Black "Robers, Frank"]
[Result "1/2-1/2"]
[WhiteElo "1961"]
[BlackElo "1679"]
[WhiteFideId "-1"]
[BlackFideId "-1"]
[PlyCount "98"]
[GameId "2234566693830867"]
[EventDate "2025.??.??"]
[EventType "team-tourn"]
[EventRounds "9"]
[EventCountry "GER"]
[SourceTitle "Verband Muensterland"]
[SourceDate "2025.11.13"]
[SourceVersion "1"]
[SourceVersionDate "2025.11.13"]
[SourceQuality "1"]
[WhiteTeam "Nienberge II"]
[BlackTeam "Gescher"]
[WhiteTeamCountry "GER"]
[BlackTeamCountry "GER"]

1. Nf3 Nf6 2. d4 g6 3. g3 Bg7 4. Bg2 O-O 5. O-O d6 6. b3 c5 7. c3 cxd4 8. cxd4 Nc6 9. Bb2 Re8 10. Nc3 d5 11. a3 b6 12. h3 Bb7 13. Re1 Rc8 14. Rc1 e6 15. Kh2 a6 16. Qd3 Bh6 17. e3 Na5 18. Nd2 Qd7 19. f4 Bg7 20. Na4 Qd8 21. Rxc8 Bxc8 22. Rc1 Bb7 23. Qc3 Nd7 24. Qc7 Qxc7 25. Rxc7 Bc6 26. Nc3 Nb8 27. b4 Nb7 28. a4 Nd6 29. Bf1 Rc8 30. Rxc8+ Nxc8 31. b5 Bb7 32. Ba3 Bf8 33. Bxf8 Kxf8 34. g4 h6 35. Kg3 Ke7 36. Bd3 Nd6 37. h4 axb5 38. axb5 Bc8 39. Nf3 Bb7 40. Ne5 Nd7 41. Na4 Nc8 42. Nc6+ Bxc6 43. bxc6 Nb8 44. c7 Nc6 45. Ba6 Kd7 46. Bxc8+ Kxc8 47. Nxb6+ Kxc7 48. Na4 Na5 49. Nc5 Kd6 1/2-1/2

[Event "Muensterland Verbandsliga 2526"]
[Site "Germany"]
[Date "2025.10.18"]
[Round "2"]
[Board "6"]
[White "Priebs, Ludger"]
[Black "Haas, Kai"]
[Result "1/2-1/2"]
[WhiteElo "1749"]
[BlackElo "1900"]
[WhiteFideId "-1"]
[BlackFideId "-1"]
[PlyCount "93"]
[GameId "2234571117048026"]
[EventDate "2025.??.??"]
[EventType "team-tourn"]
[EventRounds "9"]
[EventCountry "GER"]
[SourceTitle "Verband Muensterland"]
[SourceDate "2025.11.13"]
[SourceVersion "1"]
[SourceVersionDate "2025.11.13"]
[SourceQuality "1"]
[WhiteTeam "Gescher"]
[BlackTeam "Nienberge II"]
[WhiteTeamCountry "GER"]
[BlackTeamCountry "GER"]

1. d4 d6 2. c4 g6 3. e4 Bg7 4. Nc3 Nd7 5. Be3 e5 6. d5 Ne7 7. Bd3 h6 8. h4 Nf6 9. Be2 h5 10. f3 Bd7 11. Nh3 a6 12. Qb3 Qc8 13. Nf2 b6 14. Qc2 Nh7 15. b4 a5 16. b5 f5 17. g3 O-O 18. O-O-O Kh8 19. Kb1 Rf7 20. Rhg1 Qf8 21. f4 Bh6 22. Nh3 fxe4 23. Ng5 Bxg5 24. hxg5 Nf5 25. Bc1 Nd4 26. Rxd4 exd4 27. Nxe4 Bf5 28. Bb2 Re8 29. Bxd4+ Kg8 30. Bd3 Qe7 31. Re1 Qd7 32. a4 Kf8 33. Kb2 Rfe7 34. Kb3 Rf7 35. Kc3 Qc8 36. Kb3 Ree7 37. Kc3 Qd7 38. Kb3 Qc8 39. Kc3 Re8 40. Kb3 Qd7 41. Bb2 Ree7 42. Qc3 Ke8 43. Nf6+ Nxf6 44. Rxe7+ Kxe7 45. gxf6+ Kf8 46. Bxf5 Qxf5 47. Qe3 1/2-1/2

[Event "Muensterland Verbandsliga 2526"]
[Site "Germany"]
[Date "2025.10.18"]
[Round "2"]
[Board "7"]
[White "Nuerenberg, Bernd"]
[Black "Reichardt, Markus"]
[Result "0-1"]
[WhiteElo "1731"]
[BlackElo "1688"]
[WhiteFideId "-1"]
[BlackFideId "-1"]
[PlyCount "68"]
[GameId "2234555783721115"]
[EventDate "2025.??.??"]
[EventType "team-tourn"]
[EventRounds "9"]
[EventCountry "GER"]
[SourceTitle "Verband Muensterland"]
[SourceDate "2025.11.13"]
[SourceVersion "1"]
[SourceVersionDate "2025.11.13"]
[SourceQuality "1"]
[WhiteTeam "Nienberge II"]
[BlackTeam "Gescher"]
[WhiteTeamCountry "GER"]
[BlackTeamCountry "GER"]

1. d4 Nf6 2. c4 g6 3. Nc3 d5 4. cxd5 Nxd5 5. e4 Nxc3 6. bxc3 Bg7 7. Bc4 c5 8. Ne2 O-O 9. O-O Nc6 10. Be3 cxd4 11. cxd4 Bg4 12. f3 Na5 13. Bxf7+ Rxf7 14. fxg4 Rxf1+ 15. Qxf1 Qd7 16. h3 Rd8 17. e5 Nc4 18. Qf3 Qb5 19. Bg5 Rf8 20. Nf4 e6 21. Qe4 Qb6 22. Rb1 Nd2 23. Rxb6 Nxe4 24. Nxe6 axb6 25. Nxf8 Kxf8 26. Bd8 b5 27. g3 Nc3 28. Kf2 Kf7 29. Ke3 Ke6 30. Kd3 Nxa2 31. Ba5 Kd5 32. Bd8 Nb4+ 33. Kc3 Nc6 34. Bb6 Bf8 0-1

[Event "Muensterland Verbandsliga 2526"]
[Site "Germany"]
[Date "2025.10.18"]
[Round "2"]
[Board "8"]
[White "Schweigert, Carsten"]
[Black "Rath, Josef"]
[Result "0-1"]
[WhiteElo "1397"]
[BlackElo "1709"]
[WhiteFideId "-1"]
[BlackFideId "-1"]
[PlyCount "46"]
[GameId "2234556497764522"]
[EventDate "2025.??.??"]
[EventType "team-tourn"]
[EventRounds "9"]
[EventCountry "GER"]
[SourceTitle "Verband Muensterland"]
[SourceDate "2025.11.13"]
[SourceVersion "1"]
[SourceVersionDate "2025.11.13"]
[SourceQuality "1"]
[WhiteTeam "Gescher"]
[BlackTeam "Nienberge II"]
[WhiteTeamCountry "GER"]
[BlackTeamCountry "GER"]

1. e4 g6 2. d4 Bg7 3. Nf3 d6 4. Bc4 Nf6 5. Qe2 O-O 6. O-O c5 7. c3 Qc7 8. h3 cxd4 9. Nxd4 Nbd7 10. Nd2 Nc5 11. b3 a6 12. a4 b6 13. Bb2 Bb7 14. f3 Nh5 15. Qf2 Nf4 16. b4 Ncd3 17. Bxd3 Nxd3 18. Qe2 Nxb2 19. Ra2 Qxc3 20. N2b3 Bxd4+ 21. Nxd4 Qxd4+ 22. Kh1 Nd3 23. Rd2 Nf4 0-1

[Event "Muensterland Verbandsliga 2526"]
[Site "Germany"]
[Date "2025.10.04"]
[Round "2"]
[Board "1"]
[White "Sparwel, Oliver"]
[Black "Kluczka, Konrad"]
[Result "1/2-1/2"]
[WhiteElo "1901"]
[BlackElo "1809"]
[WhiteFideId "-1"]
[BlackFideId "-1"]
[PlyCount "73"]
[GameId "2243755803661009"]
[EventDate "2025.??.??"]
[EventType "team-tourn"]
[EventRounds "9"]
[EventCountry "GER"]
[SourceTitle "Verband Muensterland"]
[SourceDate "2025.11.13"]
[SourceVersion "1"]
[SourceVersionDate "2025.11.13"]
[SourceQuality "1"]
[WhiteTeam "Suedlohn II"]
[BlackTeam "Muenster Indische Dame"]
[WhiteTeamCountry "GER"]
[BlackTeamCountry "GER"]

1. d4 Nf6 2. Nf3 e6 3. e3 b6 4. Bd3 Bb7 5. O-O d5 6. b3 Nbd7 7. c4 dxc4 8. bxc4 Bd6 9. Nc3 e5 10. Ng5 e4 11. Ngxe4 Nxe4 12. Bxe4 Bxe4 13. Nxe4 Bxh2+ 14. Kxh2 Qh4+ 15. Kg1 Qxe4 16. Qf3 Qxf3 17. gxf3 c5 18. Bb2 O-O-O 19. d5 Rhe8 20. Rfe1 Ne5 21. Bxe5 Rxe5 22. e4 Rd6 23. f4 Rg6+ 24. Kf1 Rh5 25. f5 Rg4 26. f3 Rh1+ 27. Kf2 Rh2+ 28. Ke3 Rgg2 29. Rh1 g6 30. Kf4 f6 31. fxg6 hxg6 32. Rxh2 Rxh2 33. Rg1 Rh4+ 34. Rg4 Rxg4+ 35. Kxg4 b5 36. Kf4 b4 37. Ke3 1/2-1/2

[Event "Muensterland Verbandsliga 2526"]
[Site "Germany"]
[Date "2025.10.04"]
[Round "2"]
[Board "3"]
[White "Albersmann, Rene"]
[Black "Langheinrich, Joern"]
[Result "1/2-1/2"]
[WhiteElo "1844"]
[BlackElo "1831"]
[WhiteFideId "-1"]
[BlackFideId "-1"]
[PlyCount "74"]
[GameId "2243755803661011"]
[EventDate "2025.??.??"]
[EventType "team-tourn"]
[EventRounds "9"]
[EventCountry "GER"]
[SourceTitle "Verband Muensterland"]
[SourceDate "2025.11.13"]
[SourceVersion "1"]
[SourceVersionDate "2025.11.13"]
[SourceQuality "1"]
[WhiteTeam "Suedlohn II"]
[BlackTeam "Muenster Indische Dame"]
[WhiteTeamCountry "GER"]
[BlackTeamCountry "GER"]

1. d4 Nf6 2. e3 e6 3. Nf3 c5 4. Be2 Nc6 5. O-O d5 6. b3 Be7 7. Bb2 O-O 8. c4 a6 9. Nc3 dxc4 10. Bxc4 b5 11. Bd3 Bb7 12. Rc1 Rc8 13. dxc5 Nb4 14. Be2 Bxc5 15. a3 Nbd5 16. Nxd5 Nxd5 17. b4 Be7 18. Qd2 Bf6 19. Rxc8 Bxc8 20. Rd1 Bxb2 21. Qxb2 Qe7 22. Nd4 Bb7 23. Rc1 Qd7 24. Nb3 Rc8 25. Rxc8+ Qxc8 26. Nc5 Bc6 27. Qe5 Nf6 28. Bf3 Bxf3 29. gxf3 h6 30. Qd6 Qa8 31. e4 a5 32. Qa6 Qxa6 33. Nxa6 axb4 34. axb4 Ne8 35. Kf1 Kf8 36. Ke2 Ke7 37. e5 Kd7 1/2-1/2